000 00615nam a22001937a 4500
999 _c9499
_d9499
008 180705b ||||| |||| 00| 0 eng d
020 _a978-1-305-94954-6
082 _22018
_aDC 302.2
_bW873
100 _928229
_aWood, Julia T.
245 _aCommunication in our lives/
_cJulia T. Wood.
250 _aEight Edition
260 _aAustralia:
_bCENGAGE Learning,
_c©2018.
300 _av, 400 pages;
_bcolor illustration:
_c27 cm.
521 _aIncludes appendix, glossary, references and index.
650 0 _928230
_aCommunication
700 _928232
_aWood, Julia T.
365 _b8,798.00
_cPhp
942 _2ddc
_cDC